000 00765nam a2200241Ia 4500
003 OSt
005 20220925221659.0
006 a|||||r|||| 00| 0
007 ta
008 220923b |||||||| |||| 00| 0 eng d
020 _a9780262034647
_c2156.80
037 _b1050827, 17/04/2017, Atlantic Publisher & Distributers
_cGeneral Book
040 _aRTL
_cRTL
_beng
041 _2eng
_aeng
082 _aX0aW, Q6
100 _aSTRAND Jon
_9286923
245 0 _aEconomics and the political economy of energy subsidies
260 _aLondon
_bMIT Press
_c2016
300 _avi,281p
_ccm.
650 _aEconomics
942 _hX0aW, Q6
_cGB
_2CC
999 _c575067
_d575067